[Event "FRA-ch U16"]
[Site "Aix les Bains"]
[Date "2009.04.26"]
[Round "9"]
[White "Mouhamad, Joachin"]
[Black "Jeannesson, Clement"]
[Result "1/2-1/2"]
[WhiteElo "1978"]
[BlackElo "1842"]
[PlyCount "116"]
[EventDate "2009.04.19"]
[EventType "swiss"]
[EventRounds "9"]
[EventCountry "FRA"]
[SourceTitle "CBM 130 Extra"]
[Source "ChessBase"]
[SourceDate "2009.07.02"]
[SourceVersion "2"]
[SourceVersionDate "2009.07.15"]
[SourceQuality "1"]

1. e4 c5 2. b4 d6 3. Nf3 Nf6 4. bxc5 Nxe4 5. cxd6 e6 6. Bd3 Nf6 7. 0-0 Bxd6 8. Nc3 0-0 9. Qe2 Nc6 10. Ne4 Nxe4 11. Bxe4 Bd7 12. Rb1 Rb8 13. Qd3 f5 14. Qxd6 fxe4 15. Ne5 Nxe5 16. Qxe5 Bc6 17. Ba3 Rf6 18. Be7 Qxe7 19. Qxb8+ Rf8 20. Qxa7 Qg5 21. Qe3 Qd5 22. Rb4 Rd8 23. Re1 Qxd2 24. Qxd2 Rxd2 25. Rc4 e3 26. f3 e2 27. Kf2 Bb5 28. Rc8+ Kf7 29. c4 Bc6 30. Rxe2 Rd4 31. Rc2 e5 32. Ra8 e4 33. a4 exf3 34. gxf3 Rd3 35. a5 Rxf3+ 36. Ke1 Ra3 37. Kd2 g5 38. Rb2 Rh3 39. Kc1 Be4 40. Rc8 Kg6 41. c5 Re3 42. Rb6+ Kh5 43. a6 bxa6 44. c6 Rc3+ 45. Kd1 a5 46. Kd2 Rc5 47. Ke3 Rc4 48. Rf8 Rxc6 49. Rxc6 Bxc6 50. Kf2 a4 51. Rf6 Bd5 52. Ra6 Bb3 53. Ke3 h6 54. Kd2 g4 55. Ke3 Kg5 56. Kf2 h5 57. Ke3 Kh4 58. Ra5 g3 1/2-1/2